[Event "Ulstudents-ch op"]
[Site "Russia"]
[Date "2012.04.08"]
[Round "9"]
[White "Saveliev, Dmitri"]
[Black "Chaplygin, Anton"]
[Result "1/2-1/2"]
[WhiteElo "2093"]
[BlackElo "1992"]
[PlyCount "25"]
[EventDate "2012.03.24"]
[EventType "swiss"]
[EventRounds "9"]
[EventCountry "RUS"]
[SourceTitle "EXT 2014"]
[Source "ChessBase"]
[SourceDate "2013.11.20"]
[SourceVersion "1"]
[SourceVersionDate "2013.11.20"]
[SourceQuality "1"]

1. e4 e5 2. Nf3 Nc6 3. Bb5 Nf6 4. 0-0 Nxe4 5. Re1 Nd6 6. Bxc6 bxc6 7. Rxe5+ Be7 8. Qe2 f6 9. Re3 Nf5 10. Re4 Nd6 11. Re3 Nf5 12. Re4 Nd6 13. Re3 1/2-1/2

[Event "Ulstudents-ch op"]
[Site "Russia"]
[Date "2012.04.01"]
[Round "6"]
[White "Gabunov, Fail"]
[Black "Chaplygin, Anton"]
[Result "0-1"]
[WhiteElo "1850"]
[BlackElo "1992"]
[PlyCount "90"]
[EventDate "2012.03.24"]
[EventType "swiss"]
[EventRounds "9"]
[EventCountry "RUS"]
[SourceTitle "EXT 2014"]
[Source "ChessBase"]
[SourceDate "2013.11.20"]
[SourceVersion "1"]
[SourceVersionDate "2013.11.20"]
[SourceQuality "1"]

1. d4 Nf6 2. c4 g6 3. Nc3 Bg7 4. e4 d6 5. f4 0-0 6. Nf3 c5 7. d5 e6 8. Be2 exd5 9. exd5 Re8 10. 0-0 a6 11. Kh1 Nbd7 12. Bd2 Ng4 13. h3 Ne3 14. Bxe3 Rxe3 15. Qd2 Re8 16. Bd3 Nf6 17. Rae1 Bd7 18. Ng5 h6 19. Nge4 Nxe4 20. Nxe4 Bf5 21. Ng3 Rxe1 22. Rxe1 Bxd3 23. Qxd3 Qh4 24. Qf3 Bxb2 25. Rb1 Bd4 26. Rxb7 Re8 27. Rb3 Re1+ 28. Nf1 Qf2 29. Kh2 Rxf1 30. Qxf2 Rxf2 31. Rb6 Rxa2 32. Rxd6 a5 33. Rc6 Kf8 34. d6 Ke8 35. Rc7 a4 36. Re7+ Kd8 37. Ra7 a3 38. Kg3 f5 39. h4 h5 40. Kh3 Ra1 41. Kg3 Bb2 42. Rc7 Rd1 43. Rxc5 a2 44. Ra5 a1Q 45. Rxa1 Bxa1 0-1

[Event "Ulstudents-ch op"]
[Site "Russia"]
[Date "2012.03.31"]
[Round "4"]
[White "Dmishutkin, Alexander"]
[Black "Chaplygin, Anton"]
[Result "1/2-1/2"]
[WhiteElo "1995"]
[BlackElo "1992"]
[PlyCount "86"]
[EventDate "2012.03.24"]
[EventType "swiss"]
[EventRounds "9"]
[EventCountry "RUS"]
[SourceTitle "EXT 2014"]
[Source "ChessBase"]
[SourceDate "2013.11.20"]
[SourceVersion "1"]
[SourceVersionDate "2013.11.20"]
[SourceQuality "1"]

1. d4 Nf6 2. c4 g6 3. Nc3 Bg7 4. Nf3 0-0 5. e4 d6 6. Be2 e5 7. Be3 Ng4 8. Bg5 f6 9. Bc1 Nc6 10. d5 Ne7 11. h3 Nh6 12. Be3 b6 13. Qd2 Nf7 14. g4 a6 15. 0-0-0 Bd7 16. Rdg1 b5 17. c5 dxc5 18. Bxc5 Nd6 19. Ne1 Rb8 20. Nc2 a5 21. Bd3 b4 22. Ne2 b3 23. axb3 Rxb3 24. f4 Bb5 25. Nc3 Bxd3 26. Qxd3 Qb8 27. Ba3 Qb7 28. h4 Rd8 29. h5 c6 30. hxg6 hxg6 31. fxe5 fxe5 32. Qh3 Kf7 33. g5 Qc8 34. Qf3+ Kg8 35. Bxd6 Rxd6 36. Rf1 Nf5 37. exf5 gxf5 38. dxc6 e4 39. Qxf5 Qxf5 40. Rxf5 Bxc3 41. bxc3 Rxc3 42. Rxa5 Rdxc6 43. Rh2 Rg3 1/2-1/2

[Event "Ulstudents-ch op"]
[Site "Russia"]
[Date "2012.03.25"]
[Round "3"]
[White "Chaplygin, Anton"]
[Black "Nikitin, Dmitry"]
[Result "1/2-1/2"]
[WhiteElo "1992"]
[BlackElo "1714"]
[PlyCount "54"]
[EventDate "2012.03.24"]
[EventType "swiss"]
[EventRounds "9"]
[EventCountry "RUS"]
[SourceTitle "EXT 2014"]
[Source "ChessBase"]
[SourceDate "2013.11.20"]
[SourceVersion "1"]
[SourceVersionDate "2013.11.20"]
[SourceQuality "1"]

1. c4 e5 2. Nc3 Nf6 3. g3 d5 4. cxd5 Nxd5 5. Bg2 Nxc3 6. bxc3 Bd6 7. Nf3 Nc6 8. 0-0 0-0 9. d3 Bd7 10. Rb1 Rb8 11. Be3 f5 12. Bc1 f4 13. e4 g5 14. Nd2 g4 15. f3 Qg5 16. gxf4 exf4 17. fxg4 Bxg4 18. Nf3 Bxf3 19. Qxf3 Ne5 20. Qd1 Ng4 21. d4 Nxh2 22. e5 Be7 23. Qe2 Qg3 24. e6 f3 25. d5 fxg2 26. Qxg2 Qxg2+ 27. Kxg2 Rfd8 1/2-1/2

[Event "Uljanovsk-ch"]
[Site "Uljanovsk"]
[Date "2010.03.20"]
[Round "5"]
[White "Chaplygin, Anton"]
[Black "Anikin, Victor"]
[Result "1-0"]
[WhiteElo "1966"]
[BlackElo "1863"]
[PlyCount "65"]
[EventDate "2010.03.13"]
[EventType "swiss"]
[EventRounds "9"]
[EventCountry "RUS"]
[SourceTitle "EXT 2012"]
[Source "ChessBase"]
[SourceDate "2011.11.24"]
[SourceVersion "1"]
[SourceVersionDate "2011.11.24"]
[SourceQuality "1"]

1. Nf3 c5 2. g3 Nc6 3. Bg2 e5 4. d3 Nge7 5. 0-0 f6 6. c3 d5 7. Nbd2 Be6 8. e4 g5 9. d4 cxd4 10. cxd4 exd4 11. Re1 Qd7 12. Nb3 dxe4 13. Nc5 Qc8 14. Nxe6 Qxe6 15. Nxd4 Nxd4 16. Qxd4 Rd8 17. Qxa7 g4 18. Qa4+ Kf7 19. Rxe4 Qf5 20. Rxg4 b5 21. Qb3+ Qe6 22. Qxe6+ Kxe6 23. Re4+ Kf5 24. Be3 h5 25. Rb4 Bg7 26. Rxb5+ Kg6 27. h4 f5 28. a4 Rd7 29. a5 Rhd8 30. a6 Nd5 31. Bxd5 Rxd5 32. Rxd5 Rxd5 33. a7 1-0

[Event "Uljanovsk op"]
[Site "Uljanovsk"]
[Date "2010.02.14"]
[Round "9"]
[White "Chaplygin, Anton"]
[Black "Akayomov, Konstantin"]
[Result "1-0"]
[WhiteElo "2002"]
[BlackElo "1986"]
[PlyCount "107"]
[EventDate "2010.02.06"]
[EventType "swiss"]
[EventRounds "9"]
[EventCountry "RUS"]
[SourceTitle "CBM 134 Extra"]
[Source "ChessBase"]
[SourceDate "2010.03.03"]
[SourceVersion "1"]
[SourceVersionDate "2010.03.03"]
[SourceQuality "1"]

1. c4 c5 2. Nc3 g6 3. g3 Bg7 4. Bg2 Nf6 5. e4 d6 6. Nge2 0-0 7. 0-0 Nc6 8. d3 Rb8 9. h3 a6 10. a4 Nd7 11. f4 Nd4 12. Kh2 e6 13. Nxd4 Bxd4 14. f5 Ne5 15. Bh6 Re8 16. fxg6 Nxg6 17. Qd2 Be5 18. Bg5 f6 19. Be3 Rf8 20. Rab1 Qe7 21. b4 Bd7 22. b5 h5 23. d4 cxd4 24. Bxd4 Qg7 25. Bxe5 dxe5 26. Bf3 axb5 27. cxb5 Rbd8 28. Qa2 Qh6 29. Rbd1 h4 30. Qg2 Kf7 31. Rg1 hxg3+ 32. Qxg3 Nf4 33. Ne2 Rh8 34. Nxf4 exf4 35. Qg4 Bc8 36. Rxd8 Rxd8 37. Rd1 e5 38. Qg2 Rg8 39. Qa2+ Ke7 40. Qxg8 Qxh3+ 41. Kg1 Qxf3 42. Qd8+ Kf7 43. Qd3 Qg4+ 44. Kf1 f3 45. Qe3 Qg3 46. Qf2 Bh3+ 47. Ke1 Qf4 48. Rd3 Qxe4+ 49. Qe3 Qxe3+ 50. Rxe3 Bg4 51. a5 Ke6 52. a6 bxa6 53. bxa6 Kd6 54. a7 1-0

[Event "Uljanovsk Cup"]
[Site "Uljanovsk"]
[Date "2009.12.13"]
[Round "5"]
[White "Uryadov, Sergey S"]
[Black "Chaplygin, Anton"]
[Result "1-0"]
[WhiteElo "1908"]
[BlackElo "2002"]
[PlyCount "67"]
[EventDate "2009.12.05"]
[EventType "swiss"]
[EventRounds "9"]
[EventCountry "RUS"]
[SourceTitle "EXT 2012"]
[Source "ChessBase"]
[SourceDate "2011.11.24"]
[SourceVersion "1"]
[SourceVersionDate "2011.11.24"]
[SourceQuality "1"]

1. d4 c6 2. c4 d5 3. Nf3 Nf6 4. Nc3 Bf5 5. Qb3 Bc8 6. Bg5 e6 7. e3 Be7 8. Bd3 0-0 9. 0-0 Nbd7 10. Qc2 dxc4 11. Bxc4 b5 12. Bd3 Bb7 13. Ne5 h6 14. Bxf6 Bxf6 15. f4 Nb6 16. Ne4 Nd5 17. Qe2 Rc8 18. Rac1 Be7 19. a3 b4 20. a4 Re8 21. Nc5 Ba8 22. Bb1 Bf6 23. Qd3 Rc7 24. Rf3 Ne7 25. Qh7+ Kf8 26. Rcf1 Ng8 27. f5 exf5 28. Rxf5 Bb7 29. Ba2 Bc8 30. Ng6+ fxg6 31. Qxg8+ Ke7 32. Re5+ Bxe5 33. Qf7+ Kd6 34. Ne4# 1-0

[Event "Uljanovsk Petrosian Memorial op"]
[Site "Uljanovsk"]
[Date "2009.06.27"]
[Round "6"]
[White "Chaplygin, Anton"]
[Black "Olisov, Andrey"]
[Result "0-1"]
[WhiteElo "1990"]
[BlackElo "2109"]
[PlyCount "56"]
[EventDate "2009.06.20"]
[EventType "swiss"]
[EventRounds "9"]
[EventCountry "RUS"]
[SourceTitle "EXT 2012"]
[Source "ChessBase"]
[SourceDate "2011.11.24"]
[SourceVersion "1"]
[SourceVersionDate "2011.11.24"]
[SourceQuality "1"]

1. d4 Nf6 2. c4 g6 3. Nc3 Bg7 4. e4 d6 5. f3 0-0 6. Be3 Nc6 7. Qd2 a6 8. Nge2 Rb8 9. Nc1 e5 10. Nb3 exd4 11. Nxd4 Nxd4 12. Bxd4 c5 13. Be3 b5 14. cxb5 axb5 15. Nxb5 Nxe4 16. fxe4 Qh4+ 17. Qf2 Qxe4 18. 0-0-0 Bd7 19. Bd3 Qa8 20. Nc3 Bxc3 21. bxc3 Qa3+ 22. Kd2 Rb2+ 23. Bc2 Rxc2+ 24. Kxc2 Rb8 25. Rb1 Qxa2+ 26. Kd3 Qd5+ 27. Bd4 Bf5+ 28. Ke2 Bxb1 0-1

[Event "Uljanovsk Petrosian Memorial op"]
[Site "Uljanovsk"]
[Date "2009.06.20"]
[Round "1"]
[White "Seyfutdinov, Rustam"]
[Black "Chaplygin, Anton"]
[Result "1-0"]
[WhiteElo "1582"]
[BlackElo "1990"]
[PlyCount "93"]
[EventDate "2009.06.20"]
[EventType "swiss"]
[EventRounds "9"]
[EventCountry "RUS"]
[SourceTitle "EXT 2012"]
[Source "ChessBase"]
[SourceDate "2011.11.24"]
[SourceVersion "1"]
[SourceVersionDate "2011.11.24"]
[SourceQuality "1"]

1. e4 c6 2. d4 d5 3. e5 h5 4. Bd3 g6 5. c3 Nh6 6. h3 Bf5 7. Nf3 e6 8. 0-0 Nd7 9. Qe2 c5 10. Bg5 Qb6 11. Rd1 Rc8 12. a4 c4 13. Bxf5 Nxf5 14. Nh4 Nxh4 15. Bxh4 Bh6 16. a5 Qb3 17. a6 b6 18. Ra3 Qb5 19. Qc2 Qc6 20. Nd2 0-0 21. Nf3 b5 22. Rda1 Nb6 23. Bf6 Bg7 24. Nh4 Nd7 25. Bg5 Rfe8 26. Nxg6 fxg6 27. Qxg6 Nf8 28. Qxh5 Qd7 29. Qg4 Qf7 30. h4 Qg6 31. h5 Qf5 32. Qg3 Kh7 33. Kh2 Nd7 34. Rc1 Rg8 35. Qf4 Qxf4+ 36. Bxf4 Bh6 37. Bxh6 Kxh6 38. Ra5 Rb8 39. f3 Kxh5 40. g4+ Kg6 41. Kg3 Rb6 42. f4 Rbb8 43. Kf3 b4 44. Rh1 bxc3 45. bxc3 Rh8 46. Rh5 Kf7 47. f5 1-0

[Event "Uljanovsk Privolje op"]
[Site "Uljanovsk"]
[Date "2009.02.01"]
[Round "3"]
[White "Chaplygin, Anton"]
[Black "Alexeev, Alexandr Mikh"]
[Result "1/2-1/2"]
[WhiteElo "1990"]
[BlackElo "2119"]
[PlyCount "79"]
[EventDate "2009.01.31"]
[EventType "swiss"]
[EventRounds "9"]
[EventCountry "RUS"]
[SourceTitle "EXT 2022"]
[Source "ChessBase"]
[SourceDate "2021.10.06"]
[SourceVersion "1"]
[SourceVersionDate "2021.10.06"]
[SourceQuality "1"]

1. e4 g6 2. d4 Bg7 3. Nc3 d6 4. Nf3 Nd7 5. Be2 c6 6. Be3 Qb6 7. Rb1 Ngf6 8. h3 Qc7 9. 0-0 b5 10. a3 a5 11. b4 h6 12. Nd2 Bb7 13. f4 axb4 14. axb4 Nb6 15. Bd3 Ra3 16. Rb3 Rxb3 17. Nxb3 Nc4 18. Bf2 Nh5 19. Qf3 Nf6 20. Qe2 Nb2 21. e5 Nh5 22. Be1 Nxd3 23. Qxd3 Bf8 24. Bd2 Ng7 25. Ne4 d5 26. Nec5 Bc8 27. Ra1 e6 28. Be1 Be7 29. Bf2 0-0 30. Qd2 Kh7 31. Qe1 f6 32. exf6 Rxf6 33. Nd3 Bd6 34. Bh4 Rf8 35. c3 Nh5 36. Nbc5 Bxc5 37. bxc5 Nxf4 38. Nxf4 Qxf4 39. Bg3 Qf5 40. Ra7+ 1/2-1/2

[Event "Uljanovsk-ch op fin"]
[Site "Uljanovsk"]
[Date "2008.03.10"]
[Round "4"]
[White "Chaplygin, Anton"]
[Black "Borisov, Grigori"]
[Result "1-0"]
[WhiteElo "1982"]
[BlackElo "1781"]
[PlyCount "83"]
[EventDate "2008.03.09"]
[EventType "swiss"]
[EventRounds "9"]
[EventCountry "RUS"]
[SourceTitle "EXT 2022"]
[Source "ChessBase"]
[SourceDate "2021.10.06"]
[SourceVersion "1"]
[SourceVersionDate "2021.10.06"]
[SourceQuality "1"]

1. e4 c5 2. Nf3 d6 3. d4 cxd4 4. Nxd4 Nf6 5. Nc3 a6 6. h3 e5 7. Nde2 Be7 8. g4 0-0 9. Be3 Qa5 10. Qd2 Nc6 11. Ng3 Rd8 12. g5 Ne8 13. Bc4 Be6 14. Bb3 Bxb3 15. cxb3 Nc7 16. Nf5 Bf8 17. 0-0-0 Rac8 18. Kb1 Rd7 19. f4 Rcd8 20. Qf2 exf4 21. Bb6 Qe5 22. Bxc7 Rxc7 23. Rd5 Qe6 24. Qxf4 Rcd7 25. Nd4 Qg6 26. Nf5 Qe6 27. a3 b5 28. b4 Kh8 29. h4 g6 30. Ne3 Bg7 31. Rhd1 Be5 32. Qf3 Re8 33. Ng4 Bg7 34. Nf6 Bxf6 35. gxf6 Red8 36. h5 Ne5 37. Qf4 Kg8 38. R5d2 Nc4 39. Rd4 Nxa3+ 40. Kc1 Nc4 41. Nd5 a5 42. Qh6 1-0

[Event "Uljanovsk-ch op fin"]
[Site "Uljanovsk"]
[Date "2008.03.09"]
[Round "2"]
[White "Chaplygin, Anton"]
[Black "Mirzaev, Aziz"]
[Result "1-0"]
[WhiteElo "1982"]
[BlackElo "1823"]
[PlyCount "91"]
[EventDate "2008.03.09"]
[EventType "swiss"]
[EventRounds "9"]
[EventCountry "RUS"]
[SourceTitle "EXT 2022"]
[Source "ChessBase"]
[SourceDate "2021.10.06"]
[SourceVersion "1"]
[SourceVersionDate "2021.10.06"]
[SourceQuality "1"]

1. c4 e5 2. Nc3 Nf6 3. g3 d5 4. cxd5 Nxd5 5. Bg2 Be6 6. Nf3 Nc6 7. 0-0 Be7 8. d3 0-0 9. Bd2 Re8 10. a3 f6 11. b4 a6 12. Ne4 Rb8 13. Rc1 Nb6 14. Be3 Nd5 15. Bc5 b6 16. Bxe7 Ncxe7 17. Nfd2 Ng6 18. Qa4 Kh8 19. Nc3 Re7 20. Nxd5 Bxd5 21. Bxd5 Qxd5 22. Rc3 Qb7 23. Rfc1 Rd8 24. Qc2 Rdd7 25. a4 Nf8 26. Rc6 Ne6 27. Nb3 Nd8 28. Rc3 Ne6 29. a5 b5 30. Nc5 Nxc5 31. Rxc5 g6 32. Rc6 Kg7 33. h4 Qa7 34. Qc5 Qb7 35. f3 Kf7 36. Kf2 Kg7 37. h5 gxh5 38. Rh1 Kg6 39. Rh4 h6 40. f4 Kg7 41. Rxh5 Rf7 42. fxe5 fxe5+ 43. Ke1 Rde7 44. Rhxh6 Kg8 45. Qd5 Rd7 46. Rcg6+ 1-0

[Event "Uljanovsk op"]
[Site "Uljanovsk"]
[Date "2008.02.06"]
[Round "9"]
[White "Filonov, Konstantin"]
[Black "Chaplygin, Anton"]
[Result "1/2-1/2"]
[WhiteElo "1909"]
[BlackElo "1982"]
[PlyCount "59"]
[EventDate "2008.02.01"]
[EventType "swiss"]
[EventRounds "9"]
[EventCountry "RUS"]
[SourceTitle "EXT 2009"]
[Source "ChessBase"]
[SourceDate "2008.11.26"]
[SourceVersion "1"]
[SourceVersionDate "2008.11.26"]
[SourceQuality "1"]

1. e4 c5 2. Nf3 Nc6 3. d4 cxd4 4. Nxd4 Nf6 5. Nc3 e5 6. Ndb5 d6 7. a4 Be7 8. Bg5 a6 9. Bxf6 gxf6 10. Na3 Be6 11. Bc4 Bxc4 12. Nxc4 Nd4 13. Nd5 Rc8 14. Ndb6 Rc6 15. c3 Ne6 16. a5 h5 17. Ne3 Nc5 18. f3 Nd7 19. Nbd5 Nc5 20. Nf5 Bf8 21. b4 Ne6 22. g3 Nc7 23. Qa4 Ne6 24. b5 Nc5 25. bxc6 Nxa4 26. c7 Qxc7 27. Nxc7+ Kd7 28. Nd5 Nc5 29. Rb1 Bh6 30. Ke2 1/2-1/2

[Event "Uljanovsk-ch FL"]
[Site "Uljanovsk"]
[Date "2007.03.18"]
[Round "6"]
[White "Chaplygin, Anton"]
[Black "Trushnikov, Viacheslav"]
[Result "1-0"]
[WhiteElo "1981"]
[BlackElo "2051"]
[PlyCount "79"]
[EventDate "2007.03.15"]
[EventType "tourn"]
[EventRounds "13"]
[EventCountry "RUS"]
[SourceTitle "EXT 2022"]
[Source "ChessBase"]
[SourceDate "2021.10.06"]
[SourceVersion "1"]
[SourceVersionDate "2021.10.06"]
[SourceQuality "1"]

1. d4 Nf6 2. c4 g6 3. g3 d5 4. Bg2 Bg7 5. Nf3 0-0 6. cxd5 Nxd5 7. Nc3 Nxc3 8. bxc3 c5 9. 0-0 Nc6 10. e3 cxd4 11. cxd4 Bf5 12. Bb2 Be4 13. Qb3 b6 14. Bc3 Qd5 15. Qxd5 Bxd5 16. Rfc1 Rac8 17. a4 f5 18. h4 h6 19. a5 Nxa5 20. Bxa5 Rxc1+ 21. Rxc1 bxa5 22. Rc5 e6 23. Rxa5 Ra8 24. Nd2 Bxg2 25. Kxg2 Bf6 26. Nc4 Bd8 27. Ra6 Kf7 28. f4 Bc7 29. Kf3 h5 30. Ne5+ Bxe5 31. fxe5 Ke7 32. Kf4 Kd7 33. Kg5 Kc7 34. Kf6 Kb7 35. Ra1 a5 36. Kxe6 a4 37. Kd7 Kb6 38. e6 Kb5 39. e7 Ra7+ 40. Ke6 1-0